अनपे पार / (Record no. 115463)

MARC details
000 -LEADER
fixed length control field 00961nam a22002537a 4500
005 - DATE AND TIME OF LATEST TRANSACTION
control field 20170124103024.0
010 ## - LIBRARY OF CONGRESS CONTROL NUMBER
LC control number A-107961
020 ## - INTERNATIONAL STANDARD BOOK NUMBER
Terms of availability 3.00
035 ## - SYSTEM CONTROL NUMBER
System control number A-107961
037 ## - SOURCE OF ACQUISITION
Source of stock number/acquisition Cen Lib/Ret
040 ## - CATALOGING SOURCE
Original cataloging agency DPL
Language of cataloging HN
082 ## - DEWEY DECIMAL CLASSIFICATION NUMBER
Classification number
Item number यादव
100 ## - MAIN ENTRY--PERSONAL NAME
Personal name यादव, राजेंद्र
9 (RLIN) 61543
245 ## - TITLE STATEMENT
Title अनपे पार /
Statement of responsibility, etc राजेंद्र यादव
246 ## - VARYING FORM OF TITLE
Title proper/short title Apne paar /
Remainder of title by Rajendra Yadav
260 ## - PUBLICATION, DISTRIBUTION, ETC. (IMPRINT)
Place of publication, distribution, etc दिल्ली
Name of publisher, distributor, etc नेशनल पब्लिशिंग हाउस
Date of publication, distribution, etc 1968
270 ## - ADDRESS
Address 2/35, अनासरी रोड, दरयागंज
City दिल्ली
Postal code 110002
300 ## - PHYSICAL DESCRIPTION
Extent 116पृ.
Dimensions 16सेमी(सजिल्द)
650 ## - SUBJECT ADDED ENTRY--TOPICAL TERM
Topical term or geographic name as entry element हिंदी साहित्य
9 (RLIN) 61544
650 ## - SUBJECT ADDED ENTRY--TOPICAL TERM
Topical term or geographic name as entry element हिंदी कहानियां
9 (RLIN) 2082
650 ## - SUBJECT ADDED ENTRY--TOPICAL TERM
Topical term or geographic name as entry element Hindi literature
9 (RLIN) 61545
650 ## - SUBJECT ADDED ENTRY--TOPICAL TERM
Topical term or geographic name as entry element Hindi stories
9 (RLIN) 61546
942 ## - ADDED ENTRY ELEMENTS (KOHA)
Source of classification or shelving scheme Dewey Decimal Classification
Koha item type Hindi Books
Classification part
Call number suffix यादव
Holdings
Withdrawn status Lost status Damaged status Not for loan Home library Current library Date acquired Source of acquisition Cost, normal purchase price Total Checkouts Full call number Barcode Date last seen Copy number Cost, replacement price Price effective from Koha item type Public note Source of classification or shelving scheme
Written off       Central Library Central Library 20/08/2015 Cen Lib/Ref 3.00   उ यादव A-107961 20/08/2015 1 3.00 20/08/2015 Hindi Books Written off on approval by DLB (By Circulation); dtd 15-06-2023  
Written off       Central Library Central Library 24/10/2016   3.00   उ यादव 984170 24/10/2016 2 3.00 24/10/2016 Hindi Books Written off on approval by DLB (By Circulation); dtd 15-06-2023 Dewey Decimal Classification

© Delhi Public Library
Hit Counter
free hit counter